Delitos de falsedad en estados financieros /
Contenido: 1. Introducción; 2. Generalidades; 3. La necesidad de crear nuevas conductas delictivas como consecuencia del proceso de integración; 4. Entre la contabilidad creativa y el delito contable; 5. Fe pública; 6. Documentos; 7. Falsedad ideológica en estados financieros; 8. Responsabilidad de...
Guardat en:
| Autor principal: | |
|---|---|
| Format: | Llibre |
| Idioma: | espanyol |
| Publicat: |
Bogotá, Colombia :
Universidad del Rosario,
2007, c2007
|
| Edició: | 2a edición |
| Col·lecció: | (Textos de Jurisprudencia)
|
| Matèries: | |
| Etiquetes: |
Sense etiquetes, Sigues el primer a etiquetar aquest registre!
|
MARC
| LEADER | 00000nam^a2200000^a^4500 | ||
|---|---|---|---|
| 001 | 000269572 | ||
| 005 | 20250521000000.0 | ||
| 009 | 20260310110929.548 | ||
| 020 | |a 978-958-8298-13-9 | ||
| 037 | |a Acervo ITESO - Biblioteca | ||
| 041 | |a ESP | ||
| 082 | |a 346. 07 |b BER | ||
| 100 | |a Bernate Ochoa, Francisco |e (autor) | ||
| 245 | 1 | 0 | |a Delitos de falsedad en estados financieros / |c F. Bernate Ochoa ; pról. de Juan Carlos Forero Ramírez, Carlos Roberto Solórzano Garavito. |
| 250 | |a 2a edición | ||
| 264 | 4 | |a Bogotá, Colombia : |b Universidad del Rosario, |c 2007, c2007 | |
| 300 | |a 168 p. | ||
| 336 | |a texto |b txt |2 rdacontenido | ||
| 337 | |a sin mediación |b n |2 rdamedio | ||
| 338 | |a volumen |b nc |2 rdasoporte | ||
| 440 | 1 | |a (Textos de Jurisprudencia) | |
| 520 | |a Contenido: 1. Introducción; 2. Generalidades; 3. La necesidad de crear nuevas conductas delictivas como consecuencia del proceso de integración; 4. Entre la contabilidad creativa y el delito contable; 5. Fe pública; 6. Documentos; 7. Falsedad ideológica en estados financieros; 8. Responsabilidad de las firmas auditoras; 9. Falsedad material en estados financieros; 10. Falsedad por información inexacta en ajustes contables en el impuesto para preservar la seguridad democrática; 11. Algunos aspectos dogmáticos del delito de falsedad material en documentos; 12. Responsabilidad disciplinaria del contador público por consignación de inexactitudes en estados financieros; 13. Conclusiones; 14. Bibliografía. | ||
| 649 | |a XX | ||
| 650 | |a Corrupción | ||
| 650 | |a Estados Financieros - |x Aspectos Jurídicos - |x Tema Principal | ||
| 650 | |a Información Financiera - |x Aspectos Jurídicos | ||
| 650 | |a Auditoría - |x Aspectos Jurídicos | ||
| 650 | |a Administración Financiera | ||
| 650 | |a Contabilidad Financiera | ||
| 650 | |a Delitos Económicos | ||
| 650 | |a Delitos contra el Estado | ||
| 650 | |a Derecho Mercantil | ||
| 650 | |a Derecho Penal | ||
| 650 | |a Derecho Público | ||
| 910 | |a Fondo General | ||
| 920 | |a Impresos - Libros | ||
| 930 | |a Colección General | ||
| 905 | |a 101 | ||
| 901 | |a 0500154310 |b IT1 |c ACC |u 20250521 | ||
| 902 | |a https://opac.biblio.iteso.mx/vufind/Record/000269572 | ||